| 000 | 00531cam a2200193ua 4500 | ||
|---|---|---|---|
| 020 | _c3.50 | ||
| 041 |
_amal _h |
||
| 082 |
_a859 _bKRI/RO |
||
| 100 | _aKrishna, Chaithanya . | ||
| 245 |
_aRoman sahitya charithram / _cKrishna Chaithanya. _hTextual Documents |
||
| 260 |
_aKottayam : _bSahitya Pravarthaka Co-operative Society , _c1961. |
||
| 300 | _a262 ; . | ||
| 365 | _a3.50 | ||
| 440 | 0 |
_aViswasahityadarsanam, _v4 _x; |
|
| 490 | 0 |
_aViswasahityadarsanam, _v4 _x; |
|
| 504 | _a | ||
| 942 | _cBK | ||
| 999 |
_c4909 _d4909 |
||